000 01008nam a22002175i 4500
001 158627
003 ES-MaACL
005 20240524063006.0
008 981109s1908 sp |||| | spa d
040 _aCLM
_bspa
_cCLM
100 1 _aManresa y Navarro, José María,
_d1818-1905
_976090
245 1 0 _aComentarios á la ley de enjuiciamiento civil reformada ... /
_cpor José María Manresa y Navarro.
260 _aMadrid :
_b[s.n.],
_c1908 (
_fImprenta de la Revista de Legislación)
300 _a627 p. ;
_c22 cm.
505 8 _aContiene: Tomo adicional, comprende la ley de 5 de agosto de 1907, reorganizando la administración de justicia en los juzgados municipales / comentada y concordada ... por Francisco de P. Rives y Martí
610 2 4 _aEspaña.
_tLey de enjuiciamiento civil, 1881.
_9158817
650 4 _aProcedimiento civil-
_zEspaña.
_916420
700 0 _aRives y Martí, Francisco de P.
_997722
852 _aES-MaACL
_jG-14204
_z-- Enc. pasta
999 _c158627
_d158627